000 00622nam a2200253Ia 4500
005 20260121161314.0
008 008 260114s9999 xx 000 0 eng d
020 _a9781003226413
037 _aEBOOK
040 _aCRL
040 _beng
040 _cCRL
041 _2eng
041 _aeng
084 _qCRL
100 _aBrendan D. Kelly; Mary Donnelly
_91042752
245 0 _aRoutledge Handbook of Mental Health Law
260 _bTaylor and Francis
260 _c2024
856 _uhttp://www.taylorfrancis.com/books/9781003226413
942 _cEBOOK
999 _c1609568
_d1609568